Statistics for Smallest Countries by Continent

Click here to take the quiz!

General Stats

  • This quiz has been taken 960 times
  • The average score is 5 of 6

Answer Stats

ContinentCountry% Correct
South AmericaSuriname
88%
EuropeVatican City
88%
AustraliaNauru
80%
North AmericaSt. Kitts & Nevis
77%
AfricaSeychelles
76%
AsiaMaldives
67%

Score Distribution

Percentile by Number Answered

Percent of People with Each Score

Your Score History

You have not taken this quiz